LIBRARY & INFORMATION CENTRE, KCAET, TAVANUR

ONLINE PUBLIC ACCESS CATALOGUE (OPAC)

Mechanics / (Record no. 3327)

MARC details
000 -LEADER
fixed length control field 00388cam a2200169ua 4500
041 ## - LANGUAGE CODE
Language code of text/sound track or separate title eng
082 ## - DEWEY DECIMAL CLASSIFICATION NUMBER
Classification number 531
Item number GUP/ME
100 ## - MAIN ENTRY--AUTHOR NAME
Personal name Gupta, S L .
245 ## - TITLE STATEMENT
Title Mechanics /
260 ## - PUBLICATION, DISTRIBUTION, ETC. (IMPRINT)
Place of publication :
Name of publisher Prayati Prakashan ,
Year of publication 1969.
300 ## - PHYSICAL DESCRIPTION
Number of Pages 272 ; .
700 1# - ADDED ENTRY--PERSONAL NAME
Personal name Kumar, V.
700 1# - ADDED ENTRY--PERSONAL NAME
Personal name Samgal, S K .
942 ## - ADDED ENTRY ELEMENTS (KOHA)
Koha item type Books
Holdings
Withdrawn status Lost status Damaged status Home library Current library Date acquired Full call number Accession Number Koha item type
Withdrawn   Damaged KAUAET KAUAET 07/04/2012 531 14764 Books
free website counter